000 01258nam a2200373 a 4500
001 000110008
003 CHAP
005 20220329144114.0
008 140619s2011 mx a |r| |||||||spa d
010 _a106470
011 _a107442
020 _a9786074510348
040 _cCHAP
082 0 4 _a376.65
_bP18
100 1 _aPalomar Verea, Cristina
_9127372
245 1 3 _aLa cultura institucional de género en la Universidad de Guadalajara /
_cpor Cristina Palomar Verea.
260 _aMéxico, D.F. :
_bANUIES,
_c2011.
300 _a160 p. :
_bcuadros.
490 1 _aColección Biblioteca de la Educación Superior. Serie estudios
590 _aE6096MTM
_b05
_c20140619
_lUCH01
_h1453
590 _aE6096MTM
_b05
_c20140619
_lUCH01
_h1500
590 _aE6096MTM
_b05
_c20140619
_lUCH01
_h1500
650 1 4 _aDiscriminación sexual.
_932716
650 1 4 _aEducación de la mujer.
_935565
650 1 4 _aEducación superior
_xJalisco.
_935644
650 1 4 _aEnfoque de género.
_936945
650 1 4 _aIdentidad.
_957290
650 1 4 _aIgualdad en la educación.
_9127294
650 1 4 _aUniversidad de Guadalajara
_9116419
830 0 0 _aColección Biblioteca de la Educación Superior. Serie estudios
_924720
901 _aBK
942 _cLIBRO
942 _n0
999 _c106470
_d106470